书目信息 |
| 题名: |
高中新旧课程标准教学要求比较
|
|
| 作者: | 方勇 主编 | |
| 分册: | 数学 | |
| 出版信息: | 上海 华东师范大学出版社 2022.08 |
|
| 页数: | 129页 | |
| 开本: | 26cm | |
| 丛书名: | 高中新课程教师培训用书 | |
| 单 册: | ||
| 中图分类: | G632.3 , G633.602 | |
| 科图分类: | ||
| 主题词: | 课程标准--ke cheng biao zhun--教学研究--高中 , 中学数学课--zhong xue shu xue ke--课程标准--教学研究--高中 | |
| 电子资源: | ||
| ISBN: | 978-7-5675-5138-1 | |
| 000 | 01129nam 2200313 450 | |
| 001 | 012001001289 | |
| 005 | 20141202133731.0 | |
| 010 | @a978-7-5675-5138-1@dCNY26.00 | |
| 099 | @aCAL 012020053537 | |
| 100 | @a20220905d2020 em y0chiy50 ea | |
| 101 | 0 | @achi |
| 102 | @aCN@b310000 | |
| 105 | @aa a 000yy | |
| 106 | @ar | |
| 200 | 1 | @a高中新旧课程标准教学要求比较@Agao zhong xin jiu ke cheng biao zhun jiao xue yao qiu bi jiao@i数学@f主编方勇 |
| 210 | @a上海@c华东师范大学出版社@d2022.08 | |
| 215 | @a129页@c图@d26cm | |
| 225 | 2 | @a高中新课程教师培训用书@Agao zhong xin ke cheng jiao shi pei xun yong shu |
| 320 | @a有书目。 | |
| 330 | @a本书分为必修课程、选择性必须课程两大部分内容,包括:预备知识、函数、几何与代数、函数、概率与统计等主题。 | |
| 410 | 0 | @12001 @a高中新课程教师培训用书 |
| 517 | 1 | @a数学@Ashu xue |
| 606 | 0 | @a课程标准@Ake cheng biao zhun@x教学研究@x高中 |
| 606 | 0 | @a中学数学课@Azhong xue shu xue ke@x课程标准@x教学研究@x高中 |
| 690 | @aG632.3@v5 | |
| 690 | @aG633.602@v5 | |
| 701 | 0 | @a方勇@AFang Yong@4主编 |
| 801 | 0 | @aCN@bAHXH@c20221111 |
| 905 | @b1370864-8@dG632.3@e1457@f5 | |
| 高中新旧课程标准教学要求比较.数学/主编方勇.-上海:华东师范大学出版社,2022.08 |
| 129页:图;26cm.-(高中新课程教师培训用书) |
| ISBN 978-7-5675-5138-1:CNY26.00 |
| 本书分为必修课程、选择性必须课程两大部分内容,包括:预备知识、函数、几何与代数、函数、概率与统计等主题。 |
| ● |
| 相关链接 |
|
|
|
|
正题名:高中新旧课程标准教学要求比较
索取号:G632.3/1457
 
预约/预借
| 序号 | 登录号 | 条形码 | 馆藏地/架位号 | 状态 | 备注 |
| 1 | 1370864 | 213708647 | 第一样本阅览室/ [索取号:G632.3/1457] | 在馆 | |
| 2 | 1370865 | 213708656 | 教育系资料室/ [索取号:G632.3/1457] | 在馆 | |
| 3 | 1370866 | 213708665 | 教育系资料室/ [索取号:G632.3/1457] | 在馆 | |
| 4 | 1370867 | 213708674 | 第四借阅区/ [索取号:G632.3/1457] | 在馆 | |
| 5 | 1370868 | 213708683 | 第四借阅区/ [索取号:G632.3/1457] | 在馆 |